حرمت الاکرام (مونوگراف) / (Record no. 197920)

MARC details
000 -LEADER
fixed length control field 00727nam a22002057a 4500
005 - DATE AND TIME OF LATEST TRANSACTION
control field 20230906150158.0
010 ## - LCCN (DPL NO)
LC control number UR-12212
020 ## - INTERNATIONAL STANDARD BOOK NUMBER
International Standard Book Number 9789393059178
Terms of availability 122.00
035 ## - SYSTEM CONTROL NUMBER
System control number U-10767
037 ## - SOURCE OF ACQUISITION
Source of stock number/acquisition DBAD/PUB
Stock number -
082 ## - DEWEY DECIMAL CLASSIFICATION NUMBER
Classification number 841
100 ## - MAIN ENTRY--PERSONAL NAME
Personal name ایس ۔ جی ۔ آي ۔ حیدر
245 ## - TITLE STATEMENT
Title حرمت الاکرام (مونوگراف) /
Statement of responsibility, etc ایس ۔ جی ۔ آي ۔ حیدر
Medium ا ر د و
246 ## - VARYING FORM OF TITLE
Title proper/short title Hurmat-Ul-Ekram (Monograph) /
Remainder of title by S.G.I. Haider
260 ## - PUBLICATION, DISTRIBUTION, ETC. (IMPRINT)
Place of publication, distribution, etc Kolkata
Name of publisher, distributor, etc West Bengal Urdu Academy
Date of publication, distribution, etc 2021 ء
270 ## - ADDRESS
Address 75/2A, Rafi Ahmed Qidwai Road
City Kolkata
Postal code 700016
300 ## - PHYSICAL DESCRIPTION
Extent 192ص
Dimensions 22cm(pbk)
700 ## - ADDED ENTRY--PERSONAL NAME
Personal name مرتب۔ دردانہ قبسی
9 (RLIN) 56000
942 ## - ADDED ENTRY ELEMENTS (KOHA)
Source of classification or shelving scheme Dewey Decimal Classification
Item type Urdu Bks
Classification part 841
Call number suffix ا ی س
Holdings
Withdrawn status Lost status Not for loan Collection code Home library Current library Date acquired Source of acquisition Cost, normal purchase price Full call number Barcode Copy number Cost, replacement price Koha item type
      Non-fiction Sarojini Nagar Sarojini Nagar 06/09/2023 DBAD/PUB 122.00 841 ا ی س U-10767 1 122.00 Urdu Bks

© Delhi Public Library
Hit Counter
free hit counter